000 002590000a22000970004500
100 1 _aKinsler, F. Ross
245 1 0 _aKairós en la educación teológica
300 _aVol. 2, Num 8 (Diciembre, 1988), Páginas 16-28
773 0 _tVida y pensamiento
942 _cANA
999 _c52846
_d52846